عرض عادي عرض مارك
  • الإثبات (قانون)

مدخل مصطلح موضوعي

عدد التسجيلات المستخدمة في: 2

001 - رقم الضبط

  • حقل الضبط: 65057

003 - معرف رقم الضبط

  • حقل الضبط: OSt

005 - تاريخ ووقت أخر عملية

  • حقل الضبط: 20181217184515.0

008 - عناصر بيانات ثابتة الطول

  • حقل تحكم ثابت الطول: 181217|| aca||aabn | a|a d

040 ## - مصدر الفهرسة

  • هيئة الفهرسة الأصلية: OSt
  • وكالة الكتابة: OSt

150 ## - مدخل-- مصطلح تاريخي

  • عنصر مدخل المصطلح الموضوعي او الاسم الجغرافي: الإثبات (قانون)
  • تفريع جغرافي: السعودية

670 ## - بيانات المصدر موجوده

  • الاستشهاد بالمصدر: Work cat.: (OSt)75195: محمود، أحمد صدق 65056, طرق إثبات الحقوق وقضاء التنفيذ السعودي /, 2017